Reichste verstorbene Prominente - Statistiken

Allgemein
  • Dieses Quiz wurde 106 mal gespielt
  • Das Durchschnittsergebnis liegt bei 6 aus 13
Antwortstatistiken
# Person Beruf Todesursache Tipp Einnahmen
(in USD)
% Korrekt
1 Michael Jackson Musiker Propofol-Überdosis / fahrlässige Tötung Moonwalk 600 Mio.
100%
4 Elvis Presley Musiker Herzinfarkt King of Rock and Roll 50 Mio.
86%
2 Freddie Mercury Musiker AIDS Bohemian Rhapsody 250 Mio.
86%
10 John Lennon Musiker Mord Yoko Ono 17 Mio.
68%
7 Bob Marley Musiker Hautkrebs Reggae 34 Mio.
62%
6 Prince Musiker Fentanyl-Überdosis Purple Rain 35 Mio.
62%
13 Whitney Houston Musiker Ertrinken Bodyguard 13 Mio.
41%
9 Matthew Perry Schauspieler Ketamin-Überdosis Chandler Bing 18 Mio.
21%
11 James Brown Musiker Herzinsuffizienz Godfather of Soul 15 Mio.
16%
3 Dr. Seuss Schriftsteller Krebs Der Grinch 75 Mio.
13%
8 Charles Schulz Zeichner Darmkrebs Charlie Brown 30 Mio.
8%
5 Ric Ocasek Musiker Herz-Kreislauf-Erkrankung The Cars 45 Mio.
3%
12 Arnold Palmer Sportler Herzkrankheit 1. Golf-Superstar im TV 14 Mio.
0%
Keine übereinstimmenden Quizze gefunden
Verteilung der Resultate
Anzahl Personen mit jedem Resultat
Perzentil nach korrekt beantworteten Fragen
Ihre Resultats-Entwicklung
Sie haben dieses Quiz noch nicht gespielt